[Event "Junior Online 4NCL Division 3"]
[Site "online"]
[Date "2020.10.15"]
[Round "5.37"]
[White "Khashu, Rohan"]
[Black "Holben, Joseph"]
[Result "0-1"]
[WhiteElo "1037"]
[BlackElo "1225"]
[PlyCount "64"]
[EventDate "2020.10.15"]
[WhiteTeam "Warwickshire Bears G"]
[BlackTeam "Surbiton Juniors C"]

1. e4 e5 2. Nf3 Nc6 3. Bc4 Bc5 4. Nc3 Nf6 5. d3 h6 6. O-O d6 7. h3 O-O 8. Nd5
Be6 9. Nxf6+ Qxf6 10. Bxe6 fxe6 11. a3 a5 12. Be3 Bxe3 13. fxe3 Qg6 14. g4 h5
15. Nh4 Qg5 16. Rxf8+ Rxf8 17. Qe1 Ne7 18. Ng2 hxg4 19. h4 Qh6 20. Qg3 Qg6 21.
Rf1 Rxf1+ 22. Kxf1 Qf6+ 23. Ke1 Ng6 24. Qxg4 Ne7 25. h5 d5 26. Nh4 dxe4 27.
Qxe4 Nd5 28. Ng6 Qg5 29. Qxe5 Qg1+ 30. Kd2 Qf2+ 31. Kd1 Nxe3+ 32. Kc1 Qxc2# 0-1

[Event "Junior Online 4NCL Division 3"]
[Site "online"]
[Date "2020.10.15"]
[Round "5.38"]
[White "Thompson, Noah"]
[Black "Patel, Diah Dipal"]
[Result "0-1"]
[WhiteElo "1225"]
[BlackElo "895"]
[PlyCount "66"]
[EventDate "2020.10.15"]
[WhiteTeam "Surbiton Juniors C"]
[BlackTeam "Warwickshire Bears G"]

1. e4 e5 2. Nf3 Nc6 3. Bb5 Nf6 4. Bxc6 dxc6 5. Nxe5 Be6 6. d3 Qd4 7. Nf3 Qb4+
8. c3 Qc5 9. d4 Qd6 10. e5 Qd5 11. exf6 gxf6 12. O-O Rg8 13. g3 Bh3 14. Re1+
Be7 15. Qe2 O-O-O 16. Nbd2 Bd6 17. c4 Qa5 18. a3 Rge8 19. Qd1 Bg4 20. b4 Bxb4
21. Bb2 Bxd2 22. Re2 Bxf3 23. Rxd2 Bxd1 24. Raxd1 Re1+ 25. Rxe1 Qxd2 26. Rb1
Qc2 27. Rc1 Qxb2 28. Re1 Qxd4 29. Re7 Qxc4 30. Rxf7 Qxf7 31. Kg2 Qd5+ 32. Kg1
Qf3 33. Kf1 Rd1# 0-1

[Event "Junior Online 4NCL Division 3"]
[Site "online"]
[Date "2020.10.15"]
[Round "5.41"]
[White "Jessop, Osian"]
[Black "Groshong, William"]
[Result "0-1"]
[WhiteElo "1442"]
[BlackElo "900"]
[PlyCount "40"]
[EventDate "2020.10.15"]
[WhiteTeam "Border Bandits 2"]
[BlackTeam "Rhodes Avenue Knights"]

1. e4 e5 2. Nf3 Nc6 3. Bc4 Bc5 4. d3 d6 5. Ng5 Nh6 6. Nc3 Qf6 7. Nf3 Be6 8.
Bxe6 fxe6 9. Bxh6 gxh6 10. Qe2 O-O-O 11. a3 Qg6 12. g3 Rdf8 13. b4 Bd4 14. Nxd4
Nxd4 15. Qd2 Nf3+ 16. Ke2 Nxd2 17. Kxd2 Rxf2+ 18. Ke3 Rxc2 19. Nb5 Qg5+ 20. Kf3
Rf8# 0-1

[Event "Junior Online 4NCL Division 3"]
[Site "online"]
[Date "2020.10.15"]
[Round "5.42"]
[White "Bolt, James"]
[Black "Watkins, Gabby"]
[Result "0-1"]
[WhiteElo "900"]
[BlackElo "1087"]
[PlyCount "74"]
[EventDate "2020.10.15"]
[WhiteTeam "Rhodes Avenue Knights"]
[BlackTeam "Border Bandits 2"]

1. e4 c6 2. d4 d5 3. f3 dxe4 4. fxe4 Nf6 5. Nc3 Bg4 6. Be2 Bxe2 7. Ngxe2 e6 8.
O-O Be7 9. e5 Nd5 10. Ne4 O-O 11. c4 Nc7 12. Bf4 Nd7 13. N2c3 b6 14. Rf3 c5 15.
dxc5 Nxc5 16. Nd2 Qd4+ 17. Be3 Qxe5 18. Rg3 g6 19. Nf3 Qxe3+ 20. Kf1 Qd3+ 21.
Ne2 Qxd1+ 22. Rxd1 Rad8 23. Nfd4 e5 24. b4 Na4 25. Rgd3 Nb2 26. Nc6 Rxd3 27.
Nxe7+ Kg7 28. Rb1 Nxc4 29. Nc6 Nd2+ 30. Ke1 Nxb1 31. Nxe5 Re3 32. Nd7 Rfe8 33.
Nc5 Rxe2+ 34. Kd1 Nc3+ 35. Kc1 Rxa2 36. Ne6+ Rxe6 37. g4 Re1# 0-1

[Event "Junior Online 4NCL Division 3"]
[Site "online"]
[Date "2020.10.15"]
[Round "5.43"]
[White "Siddall, George"]
[Black "Crewe, Ben"]
[Result "0-1"]
[WhiteElo "708"]
[BlackElo "875"]
[PlyCount "116"]
[EventDate "2020.10.15"]
[WhiteTeam "Border Bandits 2"]
[BlackTeam "Rhodes Avenue Knights"]

1. e4 e5 2. Nf3 Nc6 3. Bc4 Bc5 4. O-O Nf6 5. d3 h6 6. Be3 d6 7. h3 Bd4 8. c3
Bxe3 9. fxe3 Be6 10. Bxe6 fxe6 11. d4 exd4 12. exd4 a6 13. e5 dxe5 14. dxe5 Nd7
15. Nbd2 Ndxe5 16. Nxe5 Nxe5 17. Qe1 Qd6 18. Nf3 Nxf3+ 19. Rxf3 O-O-O 20. Rd1
Qb6+ 21. Kf1 Qxb2 22. Rf2 Qb5+ 23. Kg1 Rxd1 24. Qxd1 Rd8 25. Qe1 b6 26. Qxe6+
Qd7 27. Qxd7+ Rxd7 28. Rf8+ Kb7 29. g4 g5 30. Kf2 Rd2+ 31. Kf3 Rxa2 32. Rh8 Ra3
33. Rxh6 Rxc3+ 34. Ke4 a5 35. Rg6 Rc5 36. h4 gxh4 37. g5 h3 38. Kf4 h2 39. Rh6
Rc2 40. g6 Rc6 41. Kf5 Rc5+ 42. Kf6 Rc6+ 43. Kf7 a4 44. g7 Rxh6 45. g8=Q h1=Q
46. Ke7 Qe4+ 47. Kf7 Qd5+ 48. Kf8 Qxg8+ 49. Kxg8 a3 50. Kg7 Rc6 51. Kf7 a2 52.
Ke7 a1=Q 53. Kd8 Qa8+ 54. Kd7 Qh8 55. Ke7 Qh7+ 56. Kd8 Rd6+ 57. Ke8 Rd7 58. Kf8
Qf7# 0-1

[Event "Junior Online 4NCL Division 3"]
[Site "online"]
[Date "2020.10.15"]
[Round "5.44"]
[White "Larcombe, Dominic"]
[Black "Rees, Jack"]
[Result "1-0"]
[WhiteElo "875"]
[BlackElo "653"]
[PlyCount "73"]
[EventDate "2020.10.15"]
[WhiteTeam "Rhodes Avenue Knights"]
[BlackTeam "Border Bandits 2"]

1. e4 d6 2. Nf3 Nc6 3. d4 Nf6 4. Nc3 d5 5. exd5 Nb4 6. Bb5+ c6 7. dxc6 Bf5 8.
cxb7+ Nd7 9. bxa8=Q Qxa8 10. O-O Bxc2 11. Qd2 h5 12. Ne5 Qb7 13. Bxd7+ Kd8 14.
a3 Qa6 15. Re1 h4 16. Nxf7+ Kxd7 17. Nxh8 Qd3 18. Qxd3 Nxd3 19. Re2 e5 20. Rxc2
exd4 21. Ne4 Ne1 22. Rc4 d3 23. Nc5+ Bxc5 24. Rxc5 Kd6 25. Rh5 g6 26. Nxg6 a5
27. Bf4+ Ke6 28. Rxe1+ Kf6 29. Rh6 Kf5 30. Nxh4+ Kxf4 31. Rf6+ Kg4 32. Re4+ Kg5
33. Rd6 Kh5 34. Rd5+ Kh6 35. Re6+ Kh7 36. Rd7+ Kh8 37. Re8# 1-0

[Event "Junior Online 4NCL Division 3"]
[Site "online"]
[Date "2020.10.15"]
[Round "5.45"]
[White "Groshong, William"]
[Black "Jessop, Osian"]
[Result "0-1"]
[WhiteElo "900"]
[BlackElo "1442"]
[PlyCount "120"]
[EventDate "2020.10.15"]
[WhiteTeam "Rhodes Avenue Knights"]
[BlackTeam "Border Bandits 2"]

1. e4 e5 2. Nf3 Nc6 3. Bc4 Bc5 4. Nc3 d6 5. h3 Nf6 6. d3 Nd4 7. Bg5 Nxf3+ 8.
Qxf3 h6 9. Bh4 g5 10. Bg3 g4 11. hxg4 Bxg4 12. Qxf6 Qxf6 13. Nd5 Qg5 14. Nxc7+
Kd7 15. Nxa8 Rxa8 16. Bxf7 Rf8 17. Bc4 Qf6 18. f3 Bxf3 19. gxf3 Qxf3 20. Bb5+
Kc7 21. Kd2 Qg2+ 22. Kc3 Bd4+ 23. Kb3 Qxg3 24. Rxh6 Qe3 25. Rh7+ Kb6 26. a4 Rc8
27. Bc4 Rxc4 28. Kxc4 Qd2 29. c3 Qxb2 30. a5+ Kc6 31. cxd4 Qxa1 32. dxe5 Qc1+
33. Kd4 Qb2+ 34. Ke3 Qc1+ 35. Kd4 Qg1+ 36. Kc4 Qc5+ 37. Kb3 Qb5+ 38. Kc3 Qxa5+
39. Kc2 Qa2+ 40. Kc3 b5 41. e6 Qa1+ 42. Kc2 Qa2+ 43. Kc3 Qa3+ 44. Kd2 Qb2+ 45.
Ke3 Qc1+ 46. Kf3 Qf1+ 47. Ke3 Qc1+ 48. Kf3 Qd1+ 49. Kf4 Qd2+ 50. Kf5 Qf2+ 51.
Kg6 Qg3+ 52. Kf7 Qf4+ 53. Kg6 Qg4+ 54. Kf6 Qf4+ 55. Kg6 Qg3+ 56. Kf6 Qe5+ 57.
Kf7 Kc7 58. e7 Kd7 59. Kf8 Qf6+ 60. Rf7 Qh8# 0-1

[Event "Junior Online 4NCL Division 3"]
[Site "online"]
[Date "2020.10.15"]
[Round "5.46"]
[White "Watkins, Gabby"]
[Black "Bolt, James"]
[Result "1-0"]
[WhiteElo "1087"]
[BlackElo "900"]
[PlyCount "71"]
[EventDate "2020.10.15"]
[WhiteTeam "Border Bandits 2"]
[BlackTeam "Rhodes Avenue Knights"]

1. c4 e5 2. g3 Nf6 3. Bg2 Bc5 4. e3 O-O 5. Nc3 Nc6 6. a3 d6 7. Nge2 Be6 8. Nd5
Bxd5 9. cxd5 Ne7 10. Nc3 Nfxd5 11. Nxd5 Nf5 12. O-O c6 13. Nc3 g6 14. b4 Bb6
15. Bb2 c5 16. bxc5 Bxc5 17. Rb1 f6 18. Bxb7 Rb8 19. Bg2 Re8 20. Na4 d5 21.
Nxc5 Qc7 22. d4 exd4 23. Bxd4 Rxb1 24. Qxb1 Rb8 25. Qa2 Nxd4 26. Qxd5+ Kg7 27.
Qxd4 Qb6 28. Nd7 Qc7 29. Qxf6+ Kh6 30. Nxb8 Qxb8 31. Qf4+ Kg7 32. Qxb8 g5 33.
Qd6 Kf7 34. Rc1 Kg7 35. Rc7+ Kh8 36. Qd8# 1-0

[Event "Junior Online 4NCL Division 3"]
[Site "online"]
[Date "2020.10.15"]
[Round "5.47"]
[White "Crewe, Ben"]
[Black "Siddall, George"]
[Result "1-0"]
[WhiteElo "875"]
[BlackElo "708"]
[PlyCount "47"]
[EventDate "2020.10.15"]
[WhiteTeam "Rhodes Avenue Knights"]
[BlackTeam "Border Bandits 2"]

1. d4 d5 2. Nc3 Nf6 3. Bf4 Nc6 4. Nf3 Bf5 5. a3 Qd7 6. e3 a6 7. Be2 O-O-O 8. h3
Ne4 9. Nxe4 Bxe4 10. O-O Bxf3 11. Bxf3 Re8 12. Bg4 e6 13. b3 f5 14. Bf3 Bd6 15.
Bxd6 Qxd6 16. c4 dxc4 17. bxc4 e5 18. Bxc6 Qxc6 19. dxe5 Rxe5 20. Qd4 Re4 21.
Qxg7 Rd8 22. Qxh7 Qxc4 23. Rac1 Qe6 24. Qxc7# 1-0

[Event "Junior Online 4NCL Division 3"]
[Site "online"]
[Date "2020.10.15"]
[Round "5.48"]
[White "Rees, Jack"]
[Black "Larcombe, Dominic"]
[Result "0-1"]
[WhiteElo "653"]
[BlackElo "875"]
[PlyCount "52"]
[EventDate "2020.10.15"]
[WhiteTeam "Border Bandits 2"]
[BlackTeam "Rhodes Avenue Knights"]

1. e4 e5 2. Nf3 Nc6 3. d3 Bc5 4. d4 exd4 5. c3 dxc3 6. Nxc3 d6 7. h3 h6 8. h4
Nf6 9. g3 O-O 10. Bc4 Bg4 11. Qd3 Nd4 12. Be3 Nxf3+ 13. Ke2 Ne5+ 14. Kf1 Nxd3
15. Bxc5 dxc5 16. Rd1 Bxd1 17. Nxd1 Nxe4 18. Ke2 Ne5 19. Ke3 Nxc4+ 20. Kf4 Ned6
21. Ne3 Nxe3 22. Kxe3 Nc4+ 23. Ke4 Re8+ 24. Kf5 Qf6+ 25. Kg4 Re4+ 26. Kh5 Qf5#
0-1

[Event "Junior Online 4NCL Division 3"]
[Site "online"]
[Date "2020.10.15"]
[Round "5.51"]
[White "Knight, Michael D"]
[Black "Israni, Ishita"]
[Result "1-0"]
[WhiteElo "1075"]
[BlackElo "364"]
[PlyCount "63"]
[EventDate "2020.10.15"]
[WhiteTeam "Uxbridge JAMMA"]
[BlackTeam "East Kilbride Rooks"]

1. e4 e5 2. Nf3 Nc6 3. Bc4 Bc5 4. d3 d6 5. O-O h6 6. Nc3 Nf6 7. Be3 Bxe3 8.
fxe3 O-O 9. Qd2 Be6 10. Nd5 Bxd5 11. exd5 Ne7 12. e4 Qd7 13. Nh4 Ng4 14. Nf5
Nxf5 15. Rxf5 g6 16. Rff1 Rae8 17. h3 b5 18. Bxb5 Qxb5 19. hxg4 c6 20. dxc6
Qxc6 21. b3 Qc5+ 22. Rf2 Qd4 23. c3 Qb6 24. c4 Qd4 25. Raf1 d5 26. exd5 Qxg4
27. Qxh6 f6 28. Rxf6 Rxf6 29. Rxf6 Qd4+ 30. Kh1 Qxd3 31. Rxg6+ Kf7 32. Qg7# 1-0

[Event "Junior Online 4NCL Division 3"]
[Site "online"]
[Date "2020.10.15"]
[Round "5.52"]
[White "Biswas, Snigdha"]
[Black "Dhir, Jai Alexander"]
[Result "1-0"]
[WhiteElo "300"]
[BlackElo "1000"]
[PlyCount "59"]
[EventDate "2020.10.15"]
[WhiteTeam "East Kilbride Rooks"]
[BlackTeam "Uxbridge JAMMA"]

1. e4 e5 2. Nf3 Nc6 3. Nc3 Nf6 4. Bc4 Bb4 5. Bd5 Bxc3 6. bxc3 O-O 7. Bxc6 dxc6
8. O-O Re8 9. d3 Bg4 10. Bg5 Be6 11. Nxe5 Bxa2 12. Rxa2 Rxe5 13. Bxf6 Qxf6 14.
Qe2 Qe6 15. Raa1 a5 16. Rae1 b5 17. Qf3 c5 18. d4 cxd4 19. cxd4 Rg5 20. d5 Qe5
21. Re3 a4 22. Qh3 a3 23. Ree1 a2 24. d6 a1=Q 25. Rxa1 Qxa1 26. Qh4 Qe5 27. Qh3
cxd6 28. g3 Ra1 29. Qc8+ Qe8 30. Qxe8# 1-0

[Event "Junior Online 4NCL Division 3"]
[Site "online"]
[Date "2020.10.15"]
[Round "5.53"]
[White "Aurangabadkar, Anish R"]
[Black "Bhattacharjee, Aaditya"]
[Result "0-1"]
[WhiteElo "880"]
[BlackElo "250"]
[PlyCount "80"]
[EventDate "2020.10.15"]
[WhiteTeam "Uxbridge JAMMA"]
[BlackTeam "East Kilbride Rooks"]

1. e4 e5 2. Nf3 Nf6 3. Nc3 Nc6 4. Bc4 Nxe4 5. Nxe4 d5 6. Nxe5 Nxe5 7. Qh5 Nxc4
8. Qe2 Ne5 9. d4 dxe4 10. Qxe4 Be7 11. dxe5 O-O 12. Bf4 Bg5 13. Bxg5 Qxg5 14.
O-O Bf5 15. Qxb7 Rab8 16. Qxc7 Bh3 17. Qc6 Rbc8 18. Qe4 Bf5 19. Qe2 Bg4 20. f3
Be6 21. Rfe1 Bc4 22. Qe3 Qg6 23. b3 Ba6 24. e6 Rxc2 25. exf7+ Kxf7 26. Qxa7+
Kg8 27. g3 Rxf3 28. Qa8+ Rf8 29. Qxa6 Qxa6 30. Rec1 Rxc1+ 31. Rxc1 Qb6+ 32. Kg2
Qc6+ 33. Kg1 Qxc1+ 34. Kg2 Qd2+ 35. Kh3 Kf7 36. Kh4 Kg6 37. Kh3 Kh5 38. g4+ Kh6
39. g5+ Qxg5 40. a4 Rf3# 0-1

[Event "Junior Online 4NCL Division 3"]
[Site "online"]
[Date "2020.10.15"]
[Round "5.54"]
[White "Vusikala, Tarun"]
[Black "Tang, Kei Hon"]
[Result "1-0"]
[WhiteElo "103"]
[BlackElo "925"]
[PlyCount "23"]
[EventDate "2020.10.15"]
[WhiteTeam "East Kilbride Rooks"]
[BlackTeam "Uxbridge JAMMA"]

1. e4 Nf6 2. Nc3 Nc6 3. Nf3 e5 4. d4 exd4 5. Nxd4 h5 6. Nxc6 bxc6 7. Bf4 Qe7 8.
Qd4 d6 9. Bc4 c5 10. Qd3 Rh6 11. Bxh6 gxh6 12. O-O 1-0

[Event "Junior Online 4NCL Division 3"]
[Site "online"]
[Date "2020.10.15"]
[Round "5.55"]
[White "Israni, Ishita"]
[Black "Knight, Michael D"]
[Result "0-1"]
[WhiteElo "364"]
[BlackElo "1075"]
[PlyCount "36"]
[EventDate "2020.10.15"]
[WhiteTeam "East Kilbride Rooks"]
[BlackTeam "Uxbridge JAMMA"]

1. e4 e6 2. Nf3 d5 3. exd5 exd5 4. d4 c5 5. dxc5 Bxc5 6. Nc3 Nf6 7. Bf4 Nbd7 8.
Bd3 O-O 9. O-O b6 10. Ne5 Re8 11. Nxd7 Bxd7 12. Qf3 Bc6 13. Qg3 d4 14. Bh6 g6
15. Ne2 Nh5 16. Qg4 Qd5 17. Nf4 Nxf4 18. Qxf4 Qxg2# 0-1

[Event "Junior Online 4NCL Division 3"]
[Site "online"]
[Date "2020.10.15"]
[Round "5.56"]
[White "Dhir, Jai Alexander"]
[Black "Biswas, Snigdha"]
[Result "1/2-1/2"]
[WhiteElo "1000"]
[BlackElo "300"]
[PlyCount "138"]
[EventDate "2020.10.15"]
[WhiteTeam "Uxbridge JAMMA"]
[BlackTeam "East Kilbride Rooks"]

1. e4 e5 2. Nf3 Nc6 3. d4 Bb4+ 4. c3 Bd6 5. d5 Nce7 6. Be2 Nf6 7. Bd3 O-O 8.
O-O Ng6 9. Bg5 h6 10. Bxf6 Qxf6 11. b4 Nf4 12. b5 Qg6 13. g3 Nh3+ 14. Kh1 a6
15. Na3 Bxa3 16. Nxe5 Qf6 17. Ng4 Qg5 18. Be2 d6 19. Rb1 Bxg4 20. Bxg4 Qe5 21.
Bxh3 Qxe4+ 22. Bg2 Qc4 23. h3 Qxc3 24. Rb3 Qc5 25. Qd3 axb5 26. Rxb5 Qa7 27.
Be4 c6 28. dxc6 bxc6 29. Bxc6 Bc5 30. Bxa8 Bxf2 31. Be4 Bxg3 32. Bh7+ Kh8 33.
Be4 Be5 34. Rxe5 dxe5 35. a3 Qd4 36. Qxd4 exd4 37. a4 Kg8 38. a5 Rd8 39. Rd1 g6
40. a6 f5 41. Bd3 Ra8 42. Kg2 Rxa6 43. Bxa6 h5 44. Rxd4 g5 45. Bc4+ Kg7 46. Rd6
g4 47. hxg4 fxg4 48. Be2 Kf7 49. Ra6 Kg7 50. Kg3 Kf7 51. Rh6 Kg7 52. Rxh5 Kg6
53. Ra5 Kf6 54. Bxg4 Kg6 55. Kh4 Kf6 56. Rf5+ Ke6 57. Rh5+ Kd6 58. Ra5 Kc6 59.
Rh5 Kd6 60. Rb5 Kc6 61. Rg5 Kd6 62. Ra5 Kc6 63. Re5 Kd6 64. Rh5 Kc6 65. Ra5 Kd6
66. Rf5 Kc6 67. Re5 Kd6 68. Rg5 Kc6 69. Rh5 Kd6 1/2-1/2

[Event "Junior Online 4NCL Division 3"]
[Site "online"]
[Date "2020.10.15"]
[Round "5.57"]
[White "Bhattacharjee, Aaditya"]
[Black "Aurangabadkar, Anish R"]
[Result "0-1"]
[WhiteElo "250"]
[BlackElo "880"]
[PlyCount "65"]
[EventDate "2020.10.15"]
[WhiteTeam "East Kilbride Rooks"]
[BlackTeam "Uxbridge JAMMA"]

1. e4 c5 2. Nf3 d6 3. Bb5+ Nc6 4. Bxc6+ bxc6 5. Nc3 Bg4 6. O-O Nf6 7. h3 Bh5 8.
d3 e6 9. e5 dxe5 10. Re1 e4 11. Nxe4 Nxe4 12. Rxe4 f5 13. Rxe6+ Be7 14. Bg5 O-O
15. Bxe7 Qd5 16. Qe2 Rfe8 17. c4 Qd7 18. Qe3 f4 19. Qe4 Rac8 20. Nh4 Rc7 21.
Nf5 g6 22. Nh6+ Kg7 23. Ng4 Rxe7 24. Rxe7+ Qxe7 25. Qxe7+ Rxe7 26. Kf1 Bxg4 27.
hxg4 Rd7 28. Rd1 Rd4 29. Ke2 Kf6 30. Kf3 Kg5 31. Re1 Rxd3+ 32. Ke2 Rd4 33. Kf3
0-1

[Event "Junior Online 4NCL Division 3"]
[Site "online"]
[Date "2020.10.15"]
[Round "5.58"]
[White "Tang, Kei Hon"]
[Black "Vusikala, Tarun"]
[Result "0-1"]
[WhiteElo "925"]
[BlackElo "103"]
[PlyCount "72"]
[EventDate "2020.10.15"]
[WhiteTeam "Uxbridge JAMMA"]
[BlackTeam "East Kilbride Rooks"]

1. Nf3 d5 2. Nc3 Nf6 3. d4 Nc6 4. e3 e6 5. a4 Bd6 6. Ng5 O-O 7. Bb5 Bd7 8. h4
a6 9. Bd3 Nb4 10. Be2 e5 11. dxe5 Bxe5 12. h5 Ne4 13. f4 Nxg5 14. fxg5 Bxc3+
15. bxc3 Nc6 16. Qxd5 Be6 17. Qc5 Qd5 18. Qa3 b5 19. axb5 axb5 20. Qb2 Rxa1 21.
Qxa1 b4 22. Bb2 bxc3 23. Bxc3 Qxg5 24. Rg1 Qh4+ 25. g3 Qh3 26. Qa6 Nb8 27. Qb7
c5 28. Qc7 Rc8 29. Qxc8+ Bxc8 30. Be5 Nc6 31. Bc7 Qd7 32. Bf4 Nb4 33. Bc4 Nxc2+
34. Ke2 Qa4 35. Kd3 Nb4+ 36. Kc3 Qc2# 0-1

[Event "Junior Online 4NCL Division 3"]
[Site "online"]
[Date "2020.10.15"]
[Round "5.61"]
[White "Ahmad, Amelia"]
[Black "Bleeg, Elliott"]
[Result "0-1"]
[WhiteElo "850"]
[BlackElo "1307"]
[PlyCount "50"]
[EventDate "2020.10.15"]
[WhiteTeam "Blue Foxes"]
[BlackTeam "Bristol Bishops"]

1. e4 e5 2. Nf3 Nc6 3. Bc4 Nf6 4. Ng5 d5 5. exd5 Na5 6. Bb5+ Bd7 7. Bxd7+ Qxd7
8. d3 Qxd5 9. Rg1 h6 10. Nc3 Bb4 11. a3 Bxc3+ 12. bxc3 hxg5 13. Bxg5 Rxh2 14.
c4 Qc6 15. Qd2 Rxg2 16. Rxg2 Qxg2 17. O-O-O Nc6 18. Bxf6 gxf6 19. Qh6 Ke7 20.
Qe3 Qg5 21. f4 Qxf4 22. Qxf4 exf4 23. Re1+ Kd6 24. c3 Ne5 25. d4 Nd3+ 0-1

[Event "Junior Online 4NCL Division 3"]
[Site "online"]
[Date "2020.10.15"]
[Round "5.62"]
[White "Gunatilake, Dyansa"]
[Black "Gadhia, Sai"]
[Result "1-0"]
[WhiteElo "1202"]
[BlackElo "775"]
[PlyCount "65"]
[EventDate "2020.10.15"]
[WhiteTeam "Bristol Bishops"]
[BlackTeam "Blue Foxes"]

1. e4 e5 2. Nf3 Nc6 3. Bc4 Nf6 4. Ng5 Nxe4 5. Nxf7 Na5 6. Nxd8 Kxd8 7. Bd3 Nc5
8. b4 Nxd3+ 9. cxd3 c6 10. bxa5 b6 11. axb6 axb6 12. O-O d5 13. Re1 Bf5 14.
Rxe5 Bd6 15. Rxf5 g6 16. Rf6 Rf8 17. Rxd6+ Ke7 18. Rxc6 Rac8 19. Rxc8 Rxc8 20.
Nc3 d4 21. Nd5+ Ke6 22. Nxb6 Rc6 23. Nc4 g5 24. Bb2 Kf5 25. Qf3+ Ke6 26. Re1+
Kd7 27. Ne5+ Kd6 28. Nxc6 h6 29. Qf6+ Kd5 30. Nb4+ Kc5 31. a3 Kb5 32. Qc6+ Ka5
33. Qa6# 1-0

[Event "Junior Online 4NCL Division 3"]
[Site "online"]
[Date "2020.10.15"]
[Round "5.63"]
[White "Prashanth, Shrivats"]
[Black "Clegg, Anya"]
[Result "0-1"]
[WhiteElo "775"]
[BlackElo "1180"]
[PlyCount "46"]
[EventDate "2020.10.15"]
[WhiteTeam "Blue Foxes"]
[BlackTeam "Bristol Bishops"]

1. e4 e5 2. Nf3 Nc6 3. Nc3 Nf6 4. d3 Bc5 5. Be3 Bxe3 6. fxe3 d6 7. d4 exd4 8.
exd4 O-O 9. Bc4 Be6 10. Bxe6 fxe6 11. d5 exd5 12. exd5 Re8+ 13. Kf1 Na5 14. Qd4
c5 15. Qa4 b6 16. Rd1 Qe7 17. Kf2 Ng4+ 18. Kg3 Ne5 19. Nxe5 Qxe5+ 20. Kf2 Rf8+
21. Kg1 Rae8 22. Nb5 Qe1+ 23. Rxe1 Rxe1# 0-1

[Event "Junior Online 4NCL Division 3"]
[Site "online"]
[Date "2020.10.15"]
[Round "5.64"]
[White "Gunatilake, Avishka"]
[Black "Mehta, Zara"]
[Result "1-0"]
[WhiteElo "1067"]
[BlackElo "775"]
[PlyCount "57"]
[EventDate "2020.10.15"]
[WhiteTeam "Bristol Bishops"]
[BlackTeam "Blue Foxes"]

1. e4 d5 2. exd5 c6 3. dxc6 Nxc6 4. Nc3 Bf5 5. Nf3 Nd4 6. Nxd4 Qxd4 7. d3 Qg4
8. Be2 Qg6 9. O-O Nf6 10. Nb5 Qh6 11. Nc7+ Kd7 12. Nxa8 Qg6 13. Bf4 Nd5 14. Bg3
Bg4 15. Bxg4+ Kc6 16. c4 Nb4 17. a3 Nxd3 18. Bf3+ Kc5 19. Nc7 Nxb2 20. Qd2 Qd3
21. Qxb2 e5 22. Qxe5+ Kb6 23. Nb5 Qxc4 24. Be2 Qc5 25. Qe4 g6 26. Bf4 f5 27.
Qf3 Bd6 28. Be3 Qd4 29. Bxd4+ 1-0

[Event "Junior Online 4NCL Division 3"]
[Site "online"]
[Date "2020.10.15"]
[Round "5.65"]
[White "Bleeg, Elliott"]
[Black "Ahmad, Amelia"]
[Result "1-0"]
[WhiteElo "1307"]
[BlackElo "850"]
[PlyCount "29"]
[EventDate "2020.10.15"]
[WhiteTeam "Bristol Bishops"]
[BlackTeam "Blue Foxes"]

1. e4 e5 2. Nf3 Nc6 3. Nc3 Bc5 4. Nxe5 Qe7 5. Nxc6 bxc6 6. Bc4 d5 7. Bd3 d4 8.
Na4 Bf5 9. O-O Be6 10. Nxc5 Qxc5 11. a3 Qg5 12. Qf3 Bg4 13. Qg3 h5 14. f3 h4
15. Qxg4 1-0

[Event "Junior Online 4NCL Division 3"]
[Site "online"]
[Date "2020.10.15"]
[Round "5.66"]
[White "Gadhia, Sai"]
[Black "Gunatilake, Dyansa"]
[Result "0-1"]
[WhiteElo "775"]
[BlackElo "1202"]
[PlyCount "114"]
[EventDate "2020.10.15"]
[WhiteTeam "Blue Foxes"]
[BlackTeam "Bristol Bishops"]

1. e4 e5 2. Nf3 Nc6 3. Nc3 Bc5 4. Bb5 Nf6 5. d4 exd4 6. Na4 d6 7. Bg5 O-O 8.
O-O Bg4 9. b4 Nxb4 10. h3 Bxf3 11. Qxf3 Nxc2 12. Rac1 Nb4 13. Rfd1 h6 14. Bxf6
Qxf6 15. Qxf6 gxf6 16. e5 fxe5 17. a3 Nc6 18. Bxc6 bxc6 19. Nxc5 dxc5 20. Rxc5
Kg7 21. Rxe5 Rg8 22. Rc5 Kf8 23. Rxc6 Rc8 24. Rxh6 Kg7 25. Ra6 Ra8 26. Ra4 Rgd8
27. Raxd4 Rxd4 28. Rxd4 c5 29. Rc4 Rc8 30. Rg4+ Kf6 31. Rf4+ Ke5 32. Rxf7 a5
33. Rh7 c4 34. Rh5+ Kd4 35. Rxa5 c3 36. Kf1 c2 37. Ke1 c1=Q+ 38. Ke2 Rc2+ 39.
Kf3 Qd2 40. Ra4+ Rc4 41. Ra6 Rc3+ 42. Kg4 Ke5 43. Ra5+ Kd4 44. Ra4+ Kd3 45. Ra8
Qxf2 46. Rd8+ Kc2 47. a4 Rc4+ 48. Kg5 Qxg2+ 49. Kf5 Qxh3+ 50. Kg5 Qg3+ 51. Kf5
Qh4 52. Re8 Rxa4 53. Re2+ Kd3 54. Re8 Ra5+ 55. Ke6 Qh6+ 56. Kf7 Ra7+ 57. Kg8
Qg7# 0-1

[Event "Junior Online 4NCL Division 3"]
[Site "online"]
[Date "2020.10.15"]
[Round "5.67"]
[White "Clegg, Anya"]
[Black "Prashanth, Shrivats"]
[Result "1-0"]
[WhiteElo "1180"]
[BlackElo "775"]
[PlyCount "38"]
[EventDate "2020.10.15"]
[WhiteTeam "Bristol Bishops"]
[BlackTeam "Blue Foxes"]

1. d4 d5 2. e3 e6 3. Bd3 Bd7 4. Nf3 Nf6 5. O-O Nc6 6. Nbd2 Qe7 7. c3 O-O-O 8.
a3 Qe8 9. b4 a5 10. b5 Na7 11. c4 dxc4 12. Bxc4 Nxb5 13. Bxb5 Bxb5 14. Re1 Qc6
15. a4 Qc3 16. Rb1 Bd3 17. Rb3 Qa1 18. Rxd3 Ba3 19. Rxa3 Qc3 1-0

[Event "Junior Online 4NCL Division 3"]
[Site "online"]
[Date "2020.10.15"]
[Round "5.68"]
[White "Mehta, Zara"]
[Black "Gunatilake, Avishka"]
[Result "0-1"]
[WhiteElo "775"]
[BlackElo "1067"]
[PlyCount "94"]
[EventDate "2020.10.15"]
[WhiteTeam "Blue Foxes"]
[BlackTeam "Bristol Bishops"]

1. e4 e5 2. Nf3 Nc6 3. Nc3 Nf6 4. b3 Bb4 5. Bb2 O-O 6. a3 Bc5 7. b4 Bd4 8. Nxd4
Nxd4 9. Ne2 Nc6 10. d4 exd4 11. Bxd4 Nxd4 12. Nxd4 Nxe4 13. f3 Nf6 14. Nf5 d6
15. c4 Bxf5 16. c5 b5 17. Bxb5 dxc5 18. Qxd8 Raxd8 19. Kf2 Rd2+ 20. Ke3 Rxg2
21. Rhd1 Rxh2 22. Rac1 Ra2 23. Ra1 Rxa1 24. Rxa1 cxb4 25. axb4 Nd5+ 26. Kd4
Nxb4 27. Rxa7 Nc2+ 28. Ke5 Bh3 29. Rxc7 Na3 30. Ra7 Nxb5 31. Rb7 Re8+ 32. Kd5
Nc3+ 33. Kc6 h5 34. Kc7 Re7+ 35. Kd6 Rxb7 36. Ke5 h4 37. Kf4 Bg2 38. Kg5 h3 39.
Kh4 h2 40. Kg3 h1=Q 41. Kf2 Bxf3 42. Ke3 Re7+ 43. Kd3 Qd1+ 44. Kxc3 Rc7+ 45.
Kb2 Qd3 46. Ka2 Rc2+ 47. Ka1 Qd1# 0-1

[Event "Junior Online 4NCL Division 3"]
[Site "online"]
[Date "2020.10.15"]
[Round "5.71"]
[White "Allen, George"]
[Black "Menakaya, Léon"]
[Result "1-0"]
[WhiteElo "1390"]
[BlackElo "850"]
[PlyCount "127"]
[EventDate "2020.10.15"]
[WhiteTeam "KJCA Young Kestrels F"]
[BlackTeam "Watford Juniors D"]

1. b4 e5 2. Bb2 Nf6 3. Bxe5 d6 4. Bb2 b6 5. e3 Bb7 6. c4 d5 7. Qf3 Bxb4 8. h3
O-O 9. Bxf6 Qxf6 10. Qxf6 gxf6 11. Nf3 dxc4 12. Bxc4 Bxf3 13. gxf3 Nc6 14. Rg1+
Kh8 15. a3 Ba5 16. Nc3 Bxc3 17. dxc3 Ne5 18. Be2 Rg8 19. Kf1 Rxg1+ 20. Kxg1
Rg8+ 21. Kf1 h6 22. f4 Nd7 23. Bc4 Rg7 24. Rd1 Nc5 25. Rd8+ Kh7 26. Rf8 Ne4 27.
Bd3 f5 28. Bxe4 fxe4 29. Ke2 Kg6 30. Rc8 Kf5 31. Rxc7 Kf6 32. Rxa7 Kf5 33. Rb7
Rg6 34. Rxf7+ Rf6 35. Rxf6+ Kxf6 36. f3 exf3+ 37. Kxf3 Kf5 38. e4+ Ke6 39. c4
Kf6 40. Kg4 Kg6 41. h4 h5+ 42. Kf3 Kh6 43. f5 Kg7 44. e5 Kf7 45. Kf4 Kg7 46.
Kg5 Kf7 47. Kxh5 Kg8 48. Kg6 Kf8 49. f6 Kg8 50. f7+ Kf8 51. e6 b5 52. cxb5 Ke7
53. Kg7 Kxe6 54. f8=Q Kd5 55. Qb4 Ke5 56. Qc4 Kf5 57. Qd4 Ke6 58. Qc5 Kd7 59.
Qb6 Ke7 60. Qc6 Kd8 61. Qb7 Ke8 62. Kf6 Kd8 63. Ke6 Ke8 64. Qe7# 1-0